| 000 | 00538 a2200097 4500 | ||
|---|---|---|---|
| 040 |
_aDLC _bDLC |
||
| 245 | 1 | 0 |
_aMobile Messaging Technologies and Services _h[Elektronisk resurs] |
| 260 |
_aChichester : _bJohn Wiley & Sons, Ltd. |
||
| 856 | 4 | 0 | _uhttp://link.libris.kb.se/sfxbth?url_ver=Z39.88-2004&ctx_ver=Z39.88-2004&ctx_enc=info:ofi/enc:UTF-8&rfr_id=info:sid/sfxit.com:opac_856&url_ctx_fmt=info:ofi/fmt:kev:mtx:ctx&sfx.ignore_date_threshold=1&rft.object_id=111056485556232&svc_val_fmt=info:ofi/fmt:kev:mtx:sch_svc& |
| 942 |
_cBK _k621.3845 BOD _2ddc |
||
| 999 |
_c8346 _d8346 |
||